01171nam a2200193Ia 4500001001100000003001000011008004100021040002500062041001300087100003100100245007300131250001100204260006100215300001200276500026600288501011400554520026600668650004300934L254-21122IT-CnALBA170116s9999||||xx |||||||||||||| ||und|| aIT-CnALBAcIT-CnALBA aINGLESE  aSCHRIJVERS GIUSEPPE, CSSR. 0aWITH THE DIVINE RETREAT MASTER. A MESSAGE FROM JESUS TO HIS PRIEST.  a1a ed. a PATERSONbGUILD ST. ANTONY PRESS c1939 [1° Ed.: n.d.] a156 p.  aTRADOTTO DAL FRANCESE IN INGLESE DA EDWIN V. O'HARA. SACERDOS, ALTER CHRISTUS. GRAZIA SANTIFICANTE E ATTUALE DEL PRETE. VIRTÙ DEL PRETE: CASTITÀ, UMILTÀ. TENTAZIONI. PECCATI. SOLITUDINE. ZELO. S. MESSA. PASSIONE. PREDICATORE. CINFESSORE. DIVINO PASTORE. C aSocietà San Paolo EM - Piazza San Paolo, 14 - 12051 ALBA (CN) (non commercial uses only) ® Copyright 2017 aTRADOTTO DAL FRANCESE IN INGLESE DA EDWIN V. O'HARA. SACERDOS, ALTER CHRISTUS. GRAZIA SANTIFICANTE E ATTUALE DEL PRETE. VIRTÙ DEL PRETE: CASTITÀ, UMILTÀ. TENTAZIONI. PECCATI. SOLITUDINE. ZELO. S. MESSA. PASSIONE. PREDICATORE. CINFESSORE. DIVINO PASTORE. C aDIREZIONE E AMMINISTR. DELLA PARROCCHI